000 00551nam a2200205 a 4500
001 BRL_902
005 20190320210939.0
008 231013s1959----mx-a######---#000-0#spa-#
041 _aspa
044 _amx
050 4 _aF1435.1.T8
_b.T85 1959
245 1 0 _aTulum
_bGuía oficial
260 _aMéxico, D.F.
_bInstituto Nacional de Antropología e Historia
_c1959
300 _a49 p.
_bil., mapas
_c20 cm.
500 _aAu1046
504 _aBibliografía: p. 49
651 4 _aTulum Sitio (México)
_vGuías
_925278
902 _aGRL
942 _2lcc
_cB
999 _c9714
_d9714